000 00517nam a2200205Ia 4500
003 IIN
005 20250519104843.0
008 250519s2024 xx ad 001 0 eng d
020 _cRs.625.00
_a9789356966963
040 _aIIN
_bEnglish
082 _a150.2461073
_bSRE
100 1 _aSreevani, R.
245 2 _aApplied Psychology for Nurses/
_cR. Sreevani
250 _a5th ed
260 _bJaypee
_aNew Delhi
_c2024
300 _axx,291p.
_bill.
500 _aIncludes Index
650 1 _aPsychology
942 _cBOOK
999 _c1813
_d1813